01057cam a22002894a 4500001000500000005001700005020001800022020001500040040002300055050002400078082001200102100002000114245011900134246003700253260003500290300004300325500003200368505000800400520017200408521002000580521002000600650002800620650002300648650002200671650003200693700004200725100720230831084235.0 a9780545017602 a0545017602 aDLCcDLCdDLCbeng00aPZ7.B26154bRu 200800aFic2221 aBarnes, Derrick10aRuby and the Booker boys :bbrand new school, brave new Ruby /cby Derrick Barnes ; illustrated by Vanessa Newton.30aBrand new school, brave new Ruby aNew York :bScholastic,c2008. a130 pages. :billustrations ;c20 cm. a"A Little Apple paperback." aR  aWhen Ruby Booker starts third grade at Hope Road Academy, the same school her three illustrious older brothers attend, she tries hard to make an impression of her own. a700 bLexile  aR bRaz-Plus  1aIndividualityvFiction. 1aSiblingsvFiction. 1aSchoolsvFiction. 1aAfrican AmericansvFiction.1 aBrantley-Newton, Vanessaeillustrator